000
00254nam a2200097Ia 4500
001
1228294
005
20250827093039.0
008
250824s9999 xx 000 0 und d
245
0
_a
SANRI
_c
TUĞBA SARIÜNAL
260
_b
DESTEK YAYINLARI
999
_c
1228294
_d
1228294